Southville International School and Colleges
Your cart is empty.
  • Cart
  • Lists
    Public lists Eva Luna New books Lux_list list_1
    Your lists Log in to create your own lists
  • Log in to your account
  • Your cookies
  • Search history
Southville International School and Colleges
  • Advanced search
  • Recent comments
  • Most popular
  • Libraries

Log in to your account

Log in with GOOGLE


If you do not have an external account, but do have a local account, you can still log in:

  1. Home
  2. MARC view: Hematology :
Normal view MARC view ISBD view

Hematology : (Record no. 278733)

[ view plain ]
MARC details
000 -LEADER
fixed length control field 03393cam a2200361Ia 4500
001 - CONTROL NUMBER
control field STB032010
003 - CONTROL NUMBER IDENTIFIER
control field OCoLC
005 - DATE AND TIME OF LATEST TRANSACTION
control field 20150127095708.0
008 - FIXED-LENGTH DATA ELEMENTS--GENERAL INFORMATION
fixed length control field 110304s2012 moua b 001 0 eng
020 ## - INTERNATIONAL STANDARD BOOK NUMBER
International Standard Book Number 9781437706925
020 ## - INTERNATIONAL STANDARD BOOK NUMBER
International Standard Book Number 9789814371001
035 ## - SYSTEM CONTROL NUMBER
System control number .b69138096
040 ## - CATALOGING SOURCE
Original cataloging agency AU@
Language of cataloging eng
Transcribing agency AU@
Modifying agency TTS
-- YDXCP
-- ZAD
-- CUX
-- OS2
-- UtOrBLW
049 ## - LOCAL HOLDINGS (OCLC)
Holding library OS2A
050 ## - LIBRARY OF CONGRESS CALL NUMBER
Classification number RB 45
Item number .H371 2012
245 00 - TITLE STATEMENT
Title Hematology :
Remainder of title clinical principles and applications /
Statement of responsibility, etc [edited by] Bernadette F. Rodak, George A. Fritsma and Elaine M. Keohane.
250 ## - EDITION STATEMENT
Edition statement 4th ed.
260 ## - PUBLICATION, DISTRIBUTION, ETC. (IMPRINT)
Place of publication, distribution, etc St. Louis, Mo. :
Name of publisher, distributor, etc Elsevier Saunders,
Date of publication, distribution, etc c2012.
300 ## - PHYSICAL DESCRIPTION
Extent xvi, 864 pages :
Other physical details colored illustrations ;
Dimensions 28 cm.
504 ## - BIBLIOGRAPHY, ETC. NOTE
Bibliography, etc Includes bibliographical references and index.
505 0# - FORMATTED CONTENTS NOTE
Formatted contents note PT. 1: INTRODUCTION TO HEMATOLOGY. An overview of clinical laboratory hematology ; Safety in the hematology laboratory ; Specimen collection ; Care and use of the microscope ; Quality assurance in hematology and hematopoiesis testing -- PT. 2: HEMATOPOIESIS. Cellular structure and function ; Hematopoiesis ; Erythrocyte production and destruction ; Energy metabolism and membrane physiology of the Erythrocyte ; Hemoglobin metabolism ; Iron metabolism ; Leukocyte development, kinetics and functions ; Platelet production, structure, and function -- PT. 3: ROUTINE LABORATORY EVALUATION OF BLOOD CELLS. Routine and point-of-care testing in hematology: manual and semiautomated methods ; Examination of the peripheral blood smear and correlation with the complete blood count ; Bone marrow examination ; Body fluids in the hematology laboratory -- PT. 4: HEMATOPATHOLOGY: ERYTHROCYTE DISORDERS. Anemias: red blood cell morphology and approach to diagnosis ; Disorders of iron and heme metabolism ; Anemias caused by defects of DNA metabolism ; Bone marrow failure ;Introduction to increased destruction of erythrocytes ; Intrinsic defects leading to increased erythrocyte destruction ; Extrinsic defects leading to increased erythrocyte destruction- nonimmune causes ; Extrinsic defects leading to increased erythrocyte destruction- immune causes ; Hemoglobinopathies (structural defects in hemoglobin) ; Thalassemias -- PT. 5: LEUKOCYTE DISORDERS. Nonmalignant leukocyte disorders ; Introduction to leukocyte neoplasms ; Cytochemistry ; Cytogenetics ; Molecular diagnostics in the clinical laboratory ; Flow cytometric analysis in hematologic disorders ; Myeloproliferative disorders ; Myelodysplastic syndromes ; Acute leukemias ; Mature lymphoid neoplasms -- PT. 6: HEMATOLOGY IN SELECTED POPULATIONS. Pediatric and geriatric hematology -- PT. 7: CELL COUNTING AUTOMATION. Automated cell counting instrumentation -- PT. 8: HEMOSTASIS AND THROMBOSIS. Normal hemostasis and coagulation ; Hemorrhagic coagulation disorders ; Thrombosis risk testing ; Thrombocytopenia and thrombocytosis ; Qualitative disorders of platelets and vasculature ; Laboratory evaluation of hemostasis ; Monitoring antithrombotic therapies ; Coagulation instrumentation.
650 #0 - SUBJECT ADDED ENTRY--TOPICAL TERM
Topical term or geographic name as entry element Hematology.
650 #0 - SUBJECT ADDED ENTRY--TOPICAL TERM
Topical term or geographic name as entry element Blood
General subdivision Diseases.
650 12 - SUBJECT ADDED ENTRY--TOPICAL TERM
Topical term or geographic name as entry element Hematologic Diseases
General subdivision diagnosis.
650 22 - SUBJECT ADDED ENTRY--TOPICAL TERM
Topical term or geographic name as entry element Blood Cells
General subdivision physiology.
650 22 - SUBJECT ADDED ENTRY--TOPICAL TERM
Topical term or geographic name as entry element Hematologic Tests
General subdivision methods.
650 22 - SUBJECT ADDED ENTRY--TOPICAL TERM
Topical term or geographic name as entry element Hematopoiesis.
650 22 - SUBJECT ADDED ENTRY--TOPICAL TERM
Topical term or geographic name as entry element Hemostasis.
700 1# - ADDED ENTRY--PERSONAL NAME
Personal name Rodak, Bernadette F.
700 1# - ADDED ENTRY--PERSONAL NAME
Personal name Fritsma, George A.
700 1# - ADDED ENTRY--PERSONAL NAME
Personal name Keohane, Elaine M.
942 ## - ADDED ENTRY ELEMENTS (KOHA)
Source of classification or shelving scheme Library of Congress Classification
Koha item type Books
Holdings
Withdrawn status Lost status Source of classification or shelving scheme Damaged status Home library Current library Shelving location Date acquired Source of acquisition Sub Shelving location Total Checkouts Full call number Barcode Date last seen Date checked out Price effective from Koha item type
    Library of Congress Classification   South SEED-LPDH College Library College Library South SEED-LPDH College Section 01/27/2015 Library Fund   1 RB 45 .H371 2012 SSLC1386 05/15/2018 11/16/2015 01/27/2015 Books

Hematology :

APA

Rodak B. F., Fritsma G. A. & Keohane E. M. (2012). Hematology. St. Louis, Mo: Elsevier Saunders.

Chicago

Rodak Bernadette F, Fritsma George A and Keohane Elaine M. 2012. Hematology. St. Louis, Mo: Elsevier Saunders.

Harvard

Rodak B. F., Fritsma G. A. and Keohane E. M. (2012). Hematology. St. Louis, Mo: Elsevier Saunders.

MLA

Rodak Bernadette F, Fritsma George A and Keohane Elaine M. Hematology. St. Louis, Mo: Elsevier Saunders. 2012.

  • Place hold
  • Print
  • Cite
  • Add to your cart (remove)
  • Save record
    BIBTEX Dublin Core MARCXML MARC (non-Unicode/MARC-8) MARC (Unicode/UTF-8) MARC (Unicode/UTF-8, Standard) MODS (XML) RIS
  • More searches
    Search for this title in:
    Other Libraries (WorldCat) Other Databases (Google Scholar) Online Stores (Bookfinder.com) Open Library (openlibrary.org)

Exporting to Dublin Core...

SOUTHVILLE LIBRARY

Southville International School and Colleges Library

1281 Tropical Ave. Cor. Luxembourg St., BF Homes International, Las Pinas City

Tel. No. 8256374 / 252358 Loc. 117/146

Powered by Koha